Halsbury's laws of England :Environmental Quality and Health Vol.46. / (Record no. 3632)

MARC details
000 -LEADER
fixed length control field 01441nam a22001817a 4500
008 - FIXED-LENGTH DATA ELEMENTS--GENERAL INFORMATION
fixed length control field 140821b xxu||||| |||| 00| 0 eng d
020 ## - INTERNATIONAL STANDARD BOOK NUMBER
International Standard Book Number 9781405744744
050 ## - LIBRARY OF CONGRESS CALL NUMBER
Classification number KD310.H3434
100 ## - MAIN ENTRY--PERSONAL NAME
Personal name Mackay, Lord.
245 ## - TITLE STATEMENT
Title Halsbury's laws of England :Environmental Quality and Health Vol.46. /
Remainder of title
Statement of responsibility, etc. Lord Mackay.
250 ## - EDITION STATEMENT
Edition statement 5th ed.
260 ## - PUBLICATION, DISTRIBUTION, ETC.
Place of publication, distribution, etc. London:
Name of publisher, distributor, etc. Lexis Nexis,
Date of publication, distribution, etc. 2010.
300 ## - PHYSICAL DESCRIPTION
Extent 631p.:
Dimensions 26cm.
440 ## - SERIES STATEMENT/ADDED ENTRY--TITLE
Volume/sequential designation 46
500 ## - GENERAL NOTE
General note Includes index.
505 ## - FORMATTED CONTENTS NOTE
Formatted contents note Contents: How to use Halsbury's laws of England -- References and abbreviations -- Table of statutes -- Table of statutory instruments -- Table of civil procedure -- Table of European union legislation -- Table of convention, treaties, etc -- Table of cases -- Environmental quality and public health: Volume 45: Legislation -- Administration -- General provisions -- Integration of pollution control -- Air quality and air pollution -- Climate change -- Pollution of water -- Shipping and pollution -- Index -- Volume 46: Environmental duties in fuel and energy sectors -- Waste management -- Litter and graffiti -- Contaminated land -- Injurious and hazardous substances -- Genetically modified organisms -- Noise control -- Cleansing, fumigation and destruction of pests -- Prevention and control of disease -- Lodgings, movable dwellings and canal boats -- Licensing and cleanliness of certain premises -- Sanitation -- Sewers and drains -- Index.
942 ## - ADDED ENTRY ELEMENTS (KOHA)
Source of classification or shelving scheme Library of Congress Classification
Koha item type Books
Holdings
Withdrawn status Lost status Source of classification or shelving scheme Damaged status Not for loan Home library Current library Shelving location Date acquired Total Checkouts Full call number Barcode Date last seen Copy number Price effective from Koha item type
    Library of Congress Classification     WISCONSIN INTERNATIONAL UNIVERSITY COLLEGE, GHANA - MAIN LIBRARY WISCONSIN INTERNATIONAL UNIVERSITY COLLEGE, GHANA - MAIN LIBRARY Law Library 21/08/2014   KD310.H3434 1116/04/14 21/08/2014 1 21/08/2014 Books

If you have any concerns or questions; kindly contact the library


© Powered by WIUC ICT DIRECTORATE